| 000 | 01180nam a2200313 c 4500 | ||
|---|---|---|---|
| 003 | BLK | ||
| 005 | 20180420221803.0 | ||
| 008 | 180408b bul|||||r ||||||| ||bul|| | ||
| 010 | _aKNG00050927000 | ||
| 040 | _aBLK | ||
| 041 |
_aBUL _cBUL |
||
| 080 |
_aДържавно право. Конституционно право. Административно право. Вж и 321 ; 35 _b342 _x(497.2) _z342(497.2) |
||
| 100 | 1 |
_aЯнев, Янко Георгиев _eпърви автор _9281208 |
|
| 139 |
_aЯнев, Янко Георгиев _bЯ 54 |
||
| 245 | 1 | 0 |
_aФункциите на държавата в Народна република България _cЯнко Георгиев Янев. |
| 257 | _aBGR | ||
| 260 |
_аСофия _bНаука и изкуство _c1957 |
||
| 300 |
_a280 с. _c21 см |
||
| 380 | _a3 | ||
| 650 | 4 |
_aДържавно право - България _9281209 |
|
| 651 | 4 |
_aБългария _9241624 |
|
| 653 | _aдържавно право | ||
| 653 | _aБългария | ||
| 852 | _aЦб 8785 | ||
| 856 | 4 |
_qpdf _u |
|
| 856 | 4 |
_qpdf _u |
|
| 942 |
_cKNG _n0 |
||
| 944 |
_aCR _c17.02.2016 _kПравда_Бадева |
||
| 944 |
_aED _c17.02.2016 _kПравда_Бадева |
||
| 999 |
_c47117 _d47117 |
||